000 00262 a2200109 4500
001 31462
090 _c21346
_d21346
100 _aEkedahl, Michael
245 _aVisual Basic 6; Desktop Exam Preparation Guide (MCSD)
260 _aNew Delhi
_bDream Tech
505 _aCD/DVD
942 _aNUST-CAE
999 _c266535
_d266535